Psycholinguistics: language, mind, and world

Uloženo v:
Podrobná bibliografie
Hlavní autor: Steinberg, Danny D (Autor)
Médium: Kniha
Jazyk:angličtina
Vydáno: Singapur Longman 1982
Vydání:1a. ed
Edice:Longman Linguistics Library, 28
Témata:
Tagy: Přidat tag
Žádné tagy, Buďte první, kdo vytvoří štítek k tomuto záznamu!

MARC

LEADER 00000nam a2200000 a 4500
001 UCU0776
003 CL-VaPUC
008 960329e19820000SI |||||||||||||||||eng|d
082 0 4 |a 401.9  |b STE  |2 21 
100 0 |a Steinberg, Danny D  |e author  |9 356186 
245 1 0 |a Psycholinguistics: language, mind, and world 
250 |a 1a. ed 
300 |a 240 p 
942 |c BK 
945 |d 19960329 00:00:00  |a rleighto 
260 |a Singapur  |b Longman  |c 1982 
650 0 |a Psicolingüística   |9 283371 
650 0 |a Lenguaje   |9 265069 
650 0 |a Mente  |9 330838 
650 7 |a PALABRA  |2 CL-VaPUC  |9 356187 
583 |a last modification  |c 20130414 10:19:27  |k Rodrigo Vera 
490 0 |a Longman Linguistics Library, 28 
999 |c 245585  |d 245583 
952 |0 0  |1 0  |4 0  |6 401_900000000000000_STE_1982  |7 0  |8 A  |9 260132  |a BIBEDU  |b BIBEDU  |d 2019-11-19  |i 3183939  |o 401.9 STE 1982  |p 3183939  |r 2019-11-19  |w 2019-11-19  |y BK  |k LIT 
952 |0 0  |1 0  |4 0  |6 401_900000000000000_STE_1982  |7 0  |8 A  |9 260133  |a FDOPOS  |b FDOPOS  |d 2019-11-19  |i 3774023  |o 401.9 STE 1982  |p 3774023  |r 2025-01-22  |w 2019-11-19  |y BK  |k MLA